02162agaaa2200313 45000010005000000030009000050050017000140070009000310080040000400400023000800410013001031000046001161300027001622400028001892450180002172460021003972500022004182600131004403000034005715080142006055110092007475200749008395380016015885460013016046500057016177000058016747000057017327000059017894810IT-RoPAU20220918181251.0d cvaizq50131s9999||||xx ||| | || ||und|| aIT-RoPAUcIT-RoPAU aITALIANO aAltman RobertgCodice regista SPICS: 9953 aFORTUNA DI COOKIE (LA) aCOOKIE'S FORTUNEgT3439 aFORTUNA DI COOKIE (LA)cProdotto da: Altman R. Stroh E. -- Sceneggiatura: Rapp Anne -- Diretto da: Altman RobertpFORTUNA DI COOKIE (LA) (Rif. Codice opera principale : H4810) aCOOKIE'S FORTUNE aEdizione Standard aSA (USA)bELYSIAN DREAMS - KUDZU - MOONTSTONE ENT. / Distribuzione: LUCKY REDg"2004 (1° ed.: 2004 ; Ed. Lingua Orig.: 1998)" aDVDbsonoro, col.c114 minuti a"Fotografia: Kurita Toyomichi; Montaggio: Lim Abraham; Musica: Stewart David A.; Sceneggiatura: Rapp Anne; Scenografia: Altman Stephen; " a"Close Glenn; Moore Julianne; Tyler Liv; O'Donnell Chris; S.Dutton Charles; Neal Patri" aLA ZIA COOKIE VIVE I SUOI ULTIMI ANNI SOLITARI TRA LA NOSTALGIA DEL SUO DEFUNTO E AMATISSIMO MARITO BUCK E IL CALORE DI UN PAIO DI AFFETTI: IL FEDELECUSTODE NERO WILLIE ED EMMA, LA PIU' GIOVANE DELLE TRE NIPOTI. CON LE ALTRE DUE, CAMILLE E CORA, I RAPPORTI SONO PESSIMI. LE DUE CONSIDERANO LA ZIA TROPPO STRAVAGANTE. FINO A QUANDO COOKIE DECIDE DI SUICIDARSI CON LA PISTOLADEL MARITO. UN SUICIDIO E' UN'ONTA NELLA COMUNITA' DI HOLLY SPRING NEL MISSISSIPI, SOLO I PAZZI SI SUICIDANO E ALLORA SVELTA SVELTA CAMILLE ORGANIZZAUNA MESSINSCENA AFFINCHE' PASSI PER UN OMICIDIO E DI CUI VIENE ACCUSATO WILLIE. MA IL CASTELLO DI SABBIA COSTRUITO DA CAMILLE NON REGGERA' PER MOLTO E WILLIE VERRA' SCAGIONATO.COMMEDIA MOLTO DIVERTENTE, SOTTILE E SATIRICA. aPAL, STEREO aITALIANO aCOMMEDIAeDVD-FILM [DVD]xCodice MATERIA SPICS: 9947 aAltman Robert e(regista)gCodice regista SPICS: 9953 aRapp Anne e(soggetto)gCodice Soggetto SPICS: 38789 aStewart David A.e(musica)gCodice Musica SPICS: 27942